Match the river to the country of its source - Statistics

General Stats
  • This quiz has been taken 50 times
  • The average score is 10 of 20
Answer Stats
Hint Answer % Correct
Nile Rwanda or Burundi
93%
Yangtze China
91%
Mississippi USA
86%
Thames England
75%
Uruguay Brazil
70%
Paraguay Brazil
68%
Paraná Brazil
68%
Trent England
66%
Lena Russia
64%
Severn Wales
50%
Amazon Peru
48%
Volta Burkina Faso
39%
Columbia Canada
34%
Gambia Guinea
34%
Niger Guinea
32%
Senegal Guinea
32%
St. Lawrence USA
30%
Amur China
20%
Yenisey Mongolia
16%
Ob China
5%
No matching quizzes found
Score Distribution
Percent of People with Each Score
Percentile by Number Answered
Your Score History
You have not taken this quiz